La Hongrie pour les touristes... - Statistiques

Statistiques générales
  • Ce quiz a été pris 65 fois
  • Le résultat moyen est 10 sur 20
Statistiques - réponses
Question Indice Réponses % Correct
Quelle est la langue officielle ? Hongrois
98%
Quelles sont les principales villes touristiques ? B Budapest
97%
La conduite se fait à droite ou à gauche ? Droite
94%
Dans la capitale y-a-t-il un décalage horaire avec Paris ? (oui/non) Non
90%
La vitesse sur autoroute est limitée à {130} km/h
89%
Le taux d'alcoolémie toléré au volant est de {0} g/l
82%
Achats à faire 1/ Epice Paprika
73%
La religion majoritaire est C catholicisme
68%
Quelle autre langue est répandue ? A Anglais
66%
Quelle est la monnaie ? Forint
55%
Le suffixe internet est hu
50%
Achats à faire 3/ Boisson alcoolisée Vin
47%
Quelles sont les principales villes touristiques ? P Pecs
32%
Achats à faire 2/ Salaison Salami
26%
Quelles sont les principales villes touristiques ? S Szeged
21%
Quelles sont les principales villes touristiques ? E Eger
18%
Quelles sont les principales villes touristiques ? H Holloko
5%
On peut y visiter les parcs nationaux de B Bukki
3%
On peut y visiter les parcs nationaux de H Hortobagyi
3%
Quelles sont les principales villes touristiques ? T Tokay
3%
Aucun quiz correspondant
Distribution des résultats
% des personnes avec chaque résultat
Percentile par nombre de réponses
Votre historique - résultats
Vous n’avez pas pris ce quiz